Biblioteka Instytutu Północnego w Olsztynie

Widok standardowy Widok MARC

Pozycja Corporate Name

Liczba rekordów, w których użyto hasła: 1

001 - Numer kontrolny

  • control field: 39540

003 - Identyfikator numeru kontrolnego

  • control field: NUKAT

005 - Data i czas ostatniej modyfikacji

  • control field: 20260407125522.0

008 - Dane kontrolne kodowane (40 znaków)

  • fixed length control field: 940505n||a|znnaabn |a ana |c

010 ## - Numer kontrolny Biblioteki Kongresu

  • numer kontrolny LC: n 94011189

024 7# - OTHER STANDARD IDENTIFIER

  • Standard number or code: 166166669
  • Source of number or code: viaf

040 ## - Instytucja sporządzająca rekord

  • inst. przygot. dane do rek. khw: WA U/EJ
  • język haseł przedmiotowych/tezaurus: kaba
  • inst. wprow. rek. khw: WA U/EJ
  • inst. modyf. rek. khw: WA U/BN
  • inst. modyf. rek. khw: WA U/IKA
  • inst. modyf. rek. khw: WR U/AO

043 ## - Kod obszaru geograficznego

  • ISO code: PL

046 ## - Special dates

  • Establishment date: 1945
  • Termination date: 1950

110 2# - Hasło - nazwa ciała zbiorowego

  • nazwa ciała zbior. lub geogr. na pocz.: Akademia Lekarska (Gdańsk).

368 ## - Other Attributes

  • Corp type: Szkoły medyczne.

368 ## - Other Attributes

  • Corp type: Akademie medyczne.

370 ## - Associated place

  • Country: Polska.

370 ## - Associated place

  • Residence/HQ: Gdańsk (Polska).

377 ## - Assoc lang

  • Lang code: pol

410 2# - Trop zob. - nazwa ciała zbiorowego

  • nazwa ciała zbior. lub geogr. na pocz.: Akademia Lekarska w Gdańsku.

410 2# - Trop zob. - nazwa ciała zbiorowego

  • nazwa ciała zbior. lub geogr. na pocz.: AL w Gdańsku.

410 2# - Trop zob. - nazwa ciała zbiorowego

  • nazwa ciała zbior. lub geogr. na pocz.: Akademia Lekarska.

510 2# - Trop zob. też - nazwa ciała zbiorowego

  • podpole kontrolne: b
  • nazwa ciała zbior. lub geogr. na pocz.: Akademia Medyczna (Gdańsk).

510 2# - Trop zob. też - nazwa ciała zbiorowego

  • podpole kontrolne: b
  • nazwa ciała zbior. lub geogr. na pocz.: Gdański Uniwersytet Medyczny.

665 ## - Nota historyczna

  • nota historyczna: Powołana 22.09.1945 jako Akademia Lekarska w Gdańsku. Od 03.03.1950 nazwa - Akademia Medyczna. Od maja 2009 zmiana nazwy instytucji na: Gdański Uniwersytet Medyczny.

670 ## - Źródło informacji

  • źródło informacji: Z dziejów medycyny gdańskiej : zarys dziejów Akademii Medycznej w Gdańsku / Eugeniusz Sieńkowski // Annales Academiae Medicae Gedanensis. - T. 1, (1971), s. 34

670 ## - Źródło informacji

  • źródło informacji: Dz U z 4 maja 2009, nr 66, poz. 556.
Biblioteka Instytutu Północnego, ul. Partyzantów 87, 10-402 Olsztyn, email: biblioteka(at)ip.olsztyn.pl